000 00302nam a22001337a 4500
008 170904b xxu||||| |||| 00| 0 eng d
020 _a9781305029798
041 _aeng
080 _a070
100 _a40
101 _aMED
245 _aCOMPOSITION & COMMUNICATION I
_cVERDERBER,K.S
942 _2udc
_cBK
999 _c26051
_d26051